Superaprendizaje: nuevos métodos de aprendizaje rápido, sin agobios ni tensiones, para potenciar su memoria y mejorar su eficacia profesional y deportiva

Saved in:
Bibliographic Details
Main Authors: Ostrander, Sheila (autora), Schroeder, Lynn (Author), Ostrander, Nancy (Author)
Format: Book
Language:Spanish
Published: Buenos Aires Ediciones Grijalbo S. A 1984
Edition:1a. ed
Subjects:
Tags: Add Tag
No Tags, Be the first to tag this record!

MARC

LEADER 00000cam a2200000 a 4500
001 UCE9407
003 CL-VaPUC
008 151022e19840000ag |||||||||||||||||spa|d
020 |a 9502800338 
082 0 4 |a 370  |b OST  |2 21 
100 |a Ostrander, Sheila  |e autora  |9 582241 
700 0 |a Schroeder, Lynn  |e author  |9 582242 
700 0 |a Ostrander, Nancy  |e author  |9 582243 
245 1 0 |a Superaprendizaje: nuevos métodos de aprendizaje rápido, sin agobios ni tensiones, para potenciar su memoria y mejorar su eficacia profesional y deportiva 
250 |a 1a. ed 
300 |a 337 p 
942 |c BK 
945 |d 20151022 17:18:00  |a dcastane 
260 |a Buenos Aires  |b Ediciones Grijalbo S. A  |c 1984 
650 0 |a Métodos de aprendizaje  |9 334464 
650 0 |a Conciencia  |9 309452 
650 0 |a Memoria  |9 266549 
650 0 |a Innovaciones pedagógicas  |9 307471 
650 0 |a Mente  |9 330838 
650 0 |a Creatividad   |9 310816 
583 |a last modification  |c 20151022 17:18:00  |k Rodrigo Vera 
999 |c 361071  |d 361069 
952 |0 0  |1 0  |3 erb  |4 0  |6 370_000000000000000_OST_1984  |7 0  |8 C  |9 471394  |a BIBCUR  |b BIBCUR  |i 5206081  |o 370 OST 1984  |p 5206081  |r 2025-04-22  |w 2019-11-24  |y BK  |z Catalogado en:20151022  |k CAC